Contracting out local road and park services: economic effects and their strategic, contractual and competitive conditions (Record no. 510213)

000 -LEADER
fixed length control field 00553nam a22001697a 4500
008 - FIXED-LENGTH DATA ELEMENTS--GENERAL INFORMATION
fixed length control field 190807b ||||| |||| 00| 0 eng d
100 ## - MAIN ENTRY--PERSONAL NAME
Personal name Lindholst, Andrej Christian
245 ## - TITLE STATEMENT
Title Contracting out local road and park services: economic effects and their strategic, contractual and competitive conditions
260 ## - PUBLICATION, DISTRIBUTION, ETC. (IMPRINT)
Date of publication, distribution, etc 2018
300 ## - PHYSICAL DESCRIPTION
Extent p.64-85.
650 ## - SUBJECT ADDED ENTRY--TOPICAL TERM
Topical term or geographic name as entry element Municipalities
9 (RLIN) 7797
700 ## - ADDED ENTRY--PERSONAL NAME
Personal name Petersen, Ole Helby
9 (RLIN) 7798
700 ## - ADDED ENTRY--PERSONAL NAME
Personal name Houlberg, Kurt
9 (RLIN) 7799
773 ## - HOST ITEM ENTRY
Main entry heading Local Government Studies
906 ## - LOCAL DATA ELEMENT F, LDF (RLIN)
Subject DIP Contracting out
942 ## - ADDED ENTRY ELEMENTS (KOHA)
Item type Articles
Holdings
Withdrawn status Lost status Source of classification or shelving scheme Damaged status Not for loan Permanent location Current location Date acquired Serial Enumeration / chronology Barcode Date last seen Koha item type
          Indian Institute of Public Administration Indian Institute of Public Administration 2019-08-07 44(1), Feb, 2018: p.64-85. AR120166 2019-08-07 Articles

Powered by Koha